000 00435nam a2200145 i 4500
001 92814
003 ES-MaACL
007 t|
008 050328s1983 sp ||||1| spa d
100 1 _aLisón Tolosana, Carmelo.
_972541
245 1 0 _aAntropología social y hermenéutica /
_cCarmelo Lisón Tolosana.
260 _aMadrid :
_bFondo de Cultura Económica,
_c1983.
300 _a168 p. ;
_c21 cm.
852 _aES-MaACL
_jL-7448
_bR.108077
999 _c92814
_d92814